000 00257nam a22001217a 4500
008 180927b xxu||||| |||| 00| 0 eng d
041 _aeng
080 _a150.0
100 _a47
101 _aPSI
245 _aChild Development
_cBoyceTH
942 _2udc
_cBK
999 _c48618
_d48618